| 000 | 00413nam a2200145Ia 4500 | ||
|---|---|---|---|
| 008 | 210210b1997 xxu||||| |||| 00| 0 eng d | ||
| 082 | _a658.001 SHIP | ||
| 100 | _aSHISHILA (B Prabhakara). | ||
| 245 | _aPrinciples of managerial economics. | ||
| 260 |
_aRohtak. _bSpellbound publication pvt ltd. _c1997 |
||
| 300 | _avi,511 | ||
| 650 | _aBusiness Economics | ||
| 690 | _aBusiness Economic | ||
| 906 | _a05357 | ||
| 999 |
_c101469 _d101469 |
||